CONSTRUCTION PLANNING EQUIPMENT AND METHODS (Record no. 5424)

MARC details
000 -LEADER
fixed length control field 00424nam a22001577a 4500
005 - DATE AND TIME OF LATEST TRANSACTION
control field 20170406102224.0
008 - FIXED-LENGTH DATA ELEMENTS--GENERAL INFORMATION
fixed length control field 170406b xxu||||| |||| 00| 0 eng d
020 ## - INTERNATIONAL STANDARD BOOK NUMBER
ISBN 978-0-07-058244-0
041 ## - LANGUAGE CODE
Language code of text/sound track or separate title eng
100 ## - MAIN ENTRY--AUTHOR NAME
Personal name PEURIFOY, ROBERT. L. AND SCHEXNAYDER, C.J.
245 ## - TITLE STATEMENT
Title CONSTRUCTION PLANNING EQUIPMENT AND METHODS
250 ## - EDITION STATEMENT
Edition statement 6TH
260 ## - PUBLICATION, DISTRIBUTION, ETC. (IMPRINT)
Place of publication NEW DELHI
Name of publisher TATA MC GRAW-HILL
Year of publication 2002
300 ## - PHYSICAL DESCRIPTION
Number of Pages 669
942 ## - ADDED ENTRY ELEMENTS (KOHA)
Koha item type Books
Holdings
Lost status Damaged status Home library Current library Shelving location Date acquired Source of acquisition Cost, normal purchase price Full call number Accession Number Koha item type
    JRU Library   SHELF-6-B 06/04/2017 PURCHESS 799.00 624 21706 Books